I am not an island: An experiment in autobiography (Record no. 28774)

MARC details
000 -LEADER
fixed length control field 00293nam a2200109Ia 4500
082 ## - DEWEY DECIMAL CLASSIFICATION NUMBER
Classification number 929A/Z(ABB)
Item number ABB
100 ## - MAIN ENTRY--AUTHOR NAME
Personal name Abbas, K A
245 #0 - TITLE STATEMENT
Title I am not an island: An experiment in autobiography
260 ## - PUBLICATION, DISTRIBUTION, ETC. (IMPRINT)
Place of publication New Delhi
Name of publisher Vikas
Year of publication 1977
942 ## - ADDED ENTRY ELEMENTS (KOHA)
Koha item type Books
Holdings
Withdrawn status Lost status Damaged status Not for loan Home library Current library Date acquired Cost, normal purchase price Full call number Accession Number Koha item type
        RRII Library RRII Library 16/12/2021 45.00 929A/Z(ABB) ABB 09368 Books